Equipes de la LFL (Ligue Française de League of Legends) - Statistiques

Statistiques générales
  • Ce quiz a été pris 465 fois
    214 depuis la dernière actualisation
  • Le résultat moyen est 13 sur 18
Statistiques - réponses
Année Equipe % Correct
2021 Karmine Corp
99%
2019 Vitality.Bee
94%
2019 Gamers Origin
91%
2019 Solary
91%
2021 BDS
89%
2024 GentleMates
86%
2020 GameWard
85%
2024 Team du Sud
84%
2019 LDLC OL
82%
2023 Aegis
77%
2023 BK ROG
72%
2020 IziDream
69%
2019 Misfits Premier
67%
2022 Team Oplon
51%
2022 Mirage Elyandra
39%
2019 MCES
35%
2019 aAa
33%
2019 ROG Esport
27%
Aucun quiz correspondant
Distribution des résultats
% des personnes avec chaque résultat
Percentile par nombre de réponses
Votre historique - résultats
Vous n’avez pas pris ce quiz depuis la dernière actualisation